| 000 | 01045nam a2200241Ia 4500 | ||
|---|---|---|---|
| 005 | 20240530110945.0 | ||
| 008 | 140319s2021 ua a g 000 0 ara d | ||
| 017 |
_bمصر. دار الكتب _a10416 |
||
| 020 | _a9789777334082 | ||
| 040 |
_aGCL / _cGCL |
||
| 082 | 0 | 4 |
_221 _a953.076 _bم ت |
| 100 | 0 | _aمحمود محمد خلف | |
| 245 | 1 | 0 |
_aتاريخ الحركة الفكرية فى ايران الاسلامية : _bمنذ الفتح الاسلامى حتى نهاية الدولة العباسية / _cمحمود محمد خلف ، محمد بن جرمان العواجى الاكلبى |
| 250 | _aط. 1 | ||
| 260 |
_aالاسكندرية : _bدار التعليم الجامعى، _c2021. |
||
| 300 |
_a366 ص. : _bايض ؛ _c24 سم. |
||
| 650 | 0 | 7 | _aالقراءات والتجويد |
| 650 | 0 | 7 | _aالمحدثون |
| 651 | 0 | 7 | _2مدينة استراباذ |
| 700 | 0 |
_aمحمد بن جرمان العواجى الاكلبى _eمؤلف مشارك |
|
| 942 |
_2ddc _cBK |
||
| 999 |
_c66896 _d66896 |
||